| 000 | 00801pam a22002655a 4500 | ||
|---|---|---|---|
| 001 | 015594983 | ||
| 003 | Uk | ||
| 005 | 20150824093431.0 | ||
| 008 | 100514s2011 enka fr 001 0 eng|d | ||
| 020 | _a9781408225745 (pbk.) | ||
| 040 |
_aEG-ScBuE _beng _cEG-ScBuE |
||
| 082 | 0 | 4 |
_a006.3 _bNEG _222 |
| 100 | 1 |
_aNegnevitsky, Michael. _929224 |
|
| 245 | 1 | 0 |
_aArtificial Intelligence : _bA Guide to Intelligent Systems / _cMichael Negnevitsky. |
| 250 | _a3rd ed. | ||
| 260 |
_aHarlow : _bAddison Wesley, _c2011. |
||
| 300 |
_axx, 479 p. : _bill. ; _c24 cm. |
||
| 500 | _aIndex : p. 471-479. | ||
| 504 | _aIncludes bibliographical references. | ||
| 590 | _ayassmeen ashraf | ||
| 650 | 0 |
_aArtificial intelligence. _929225 _2BUEsh |
|
| 651 | _2BUEsh | ||
| 653 |
_bCOMSCI _cAugust2015 |
||
| 942 |
_2ddc _cBB |
||
| 999 |
_c16547 _d16547 |
||